Paesi con atleti vincitori del premio "Atleta mondiale dell'anno" - Statistics

Statistiche generali
  • Questo quiz è stato fatto 48 volte
  • Il punteggio medio è 18 su 26
Statistiche sulle risposte
Edizioni vinte Continente Paese % Corretto
20 Nord America Stati Uniti
100%
2 Europa Germania
98%
1 Europa Francia
95%
4 Europa/Asia Russia
91%
1 Oceania Australia
86%
5 Europa Regno Unito
86%
10 Nord America Giamaica
84%
3 Europa Svezia
80%
1 Africa Sudafrica
75%
1 Europa Norvegia
73%
1 Europa Paesi Bassi
73%
2 Sud America Venezuela
73%
5 Africa Kenya
70%
1 Europa Belgio
68%
1 Sud America Colombia
68%
1 Oceania Nuova Zelanda
66%
1 Nord America Cuba
64%
7 Africa Etiopia
64%
3 Africa Marocco
64%
1 Europa Croazia
57%
1 Europa Romania
52%
1 Europa Danimarca
50%
1 Africa Algeria
43%
1 Europa Cechia
39%
1 Medio Oriente Qatar
39%
1 Africa Botswana
20%
Nessun quiz corrispondente trovato
Distribuzione punteggi
Percentuale di utenti per punteggio
Percentile per numero di risposta
I tuoi punteggi nel tempo
Non hai fatto questo quiz